Statistics for Tallest Mountains by Country 1

Click here to take the quiz!

General Stats

  • This quiz has been taken 64 times
    (59 since last reset)
  • The average score is 6 of 10

Answer Stats

HintAnswer% Correct
China/NepalMount Everest
100%
Italy/FanceMount Blanc
89%
USADenali
87%
TanzaniaMount_Kilimanjaro
68%
RussiaMount_Elbrus
60%
ArgentinaAconcagua
53%
CanadaMount_Logan
43%
IndiaMount Kanchenjunga
34%
AustraliaMount_Kosciuszko
19%
MexicoPico de Orizaba
17%

Score Distribution

Percentile by Number Answered

Percent of People with Each Score

Your Score History

You have not taken this quiz since the last reset